000 00736nas a2200241 4500
001 BR0801748
003 BR-BrBNA
005 20231205111739.0
007 ta
008 230509b bl.|||p| |||| 00| 00por d
040 _aBR-BrBNA
_bpor
_cBiblioteca Nacional de Agricultura
041 _a(En)
072 _aL60
100 1 _aStevaux, M.N.
245 1 _aA new species of Bufo Laurenti (Anura, Bufornidae)from northeastern Brazil
650 _aSAPO
650 _aTAXONOMIA ANIMAL
650 _aDISTRIBUIÇÃO GEOGRÁFICA
650 _aNORDESTE
773 0 _tRevista Brasileira de Zoologia (Brazil)
_xISSN 0101-8175
_g(Jul 2002), v. 19(1) p. 235-242
_wBR0801748
909 _a202311
_bLúcia
_c55
_dLúcia Elande
942 _2AGRIS
_n0
_cANA
999 _c194284
_d194284